The no. 1 ladies' detective agency / (Record no. 6195)

MARC details
000 -LEADER
fixed length control field 01599cam a2200325 a 4500
001 - CONTROL NUMBER
control field 6195
003 - CONTROL NUMBER IDENTIFIER
control field FISKH
005 - DATE AND TIME OF LATEST TRANSACTION
control field 20250327101631.0
008 - FIXED-LENGTH DATA ELEMENTS--GENERAL INFORMATION
fixed length control field 000113s1998 sa 000 1 eng
010 ## - LIBRARY OF CONGRESS CONTROL NUMBER
LC control number 00311528
020 ## - INTERNATIONAL STANDARD BOOK NUMBER
International Standard Book Number 0864864388
020 ## - INTERNATIONAL STANDARD BOOK NUMBER
International Standard Book Number 9780349116754
Terms of availability $5.00
040 ## - CATALOGING SOURCE
Original cataloging agency DLC
Transcribing agency DLC
Modifying agency DLC
Language of cataloging eng
050 ## - LIBRARY OF CONGRESS CALL NUMBER
Classification number PR6063.C326
082 ## - DEWEY DECIMAL CLASSIFICATION NUMBER
Classification number 823.914
100 1# - MAIN ENTRY--PERSONAL NAME
Personal name McCall Smith, Alexander,
Dates associated with a name 1948-
245 14 - TITLE STATEMENT
Title The no. 1 ladies' detective agency /
Statement of responsibility, etc. Alexander McCall Smith.
250 ## - EDITION STATEMENT
Edition statement This edition published by Abacus in 2003
260 ## - PUBLICATION, DISTRIBUTION, ETC.
Place of publication, distribution, etc. New York :
Date of publication, distribution, etc. Abacus,
Name of publisher, distributor, etc. 1998.
300 ## - PHYSICAL DESCRIPTION
Extent 250 pages :
Dimensions 20 cm
520 ## - SUMMARY, ETC.
Summary, etc. This first novel in Alexander McCall Smith's widely acclaimed The No. 1 Ladies Detective Agency series tells the story of the delightfully cunning and enormously engaging Precious Ramotswe, who is drawn to her profession to help people with problems in their lives. Immediately upon setting up shop in a small storefront in Gaborone, she is hired to track down a missing husband, uncover a con man, and follow a wayward daughter. But the case that tugs at her heart, and lands her in danger, is a missing eleven-year-old boy, who may have been snatched by witch doctors.
600 10 - SUBJECT ADDED ENTRY--PERSONAL NAME
Personal name Ramotswe, Precious
Titles and other words associated with a name (Fictitious character)
Form subdivision Fiction.
650 #0 - SUBJECT ADDED ENTRY--TOPICAL TERM
Topical term or geographic name entry element No. 1 Ladies' Detective Agency (Imaginary organization)
Form subdivision Fiction.
650 #0 - SUBJECT ADDED ENTRY--TOPICAL TERM
Topical term or geographic name entry element Women private investigators
Geographic subdivision Botswana
Form subdivision Fiction.
651 #0 - SUBJECT ADDED ENTRY--GEOGRAPHIC NAME
Geographic name Botswana
Form subdivision Fiction.
655 #7 - INDEX TERM--GENRE/FORM
Genre/form data or focus term Mystery fiction.
Source of term gsafd
906 ## - LOCAL DATA ELEMENT F, LDF (RLIN)
a 7
b cbc
c orignew
d 4
e ncip
f 20
g y-gencatlg
942 ## - ADDED ENTRY ELEMENTS (KOHA)
Source of classification or shelving scheme Dewey Decimal Classification
Koha item type Books
Suppress in OPAC No
Holdings
Withdrawn status Lost status Source of classification or shelving scheme Damaged status Not for loan Collection Home library Current library Shelving location Date acquired Total Checkouts Full call number Barcode Date last seen Price effective from Koha item type
    Dewey Decimal Classification     Fiction Footprints International School Library Network Toul Kork Campus Footprints International School Library Network Toul Kork Campus A TK Campus, 4th Floor, Room B401, Fiction Bookcases (1-6) 03/27/2025   SMI 823.914 PR6063.C326 2025-0846 03/27/2025 03/27/2025 Books